| 000 | 01712cam a2200277 4500 | ||
|---|---|---|---|
| 001 | ABS65372 | ||
| 008 | 020426n2002 000 0 eng u | ||
| 035 | _a(Sirsi) u117712 | ||
| 100 | _aMorris, G | ||
| 245 | _aLocal air quality management | ||
| 260 | _c2002 | ||
| 490 |
_aEnvironment Information Bulletin _v(118) April 2002, 16(1) |
||
| 520 | _aLooks at the different legislation governing air pollution and highlights the responsibilities and powers of local authorities to improve air quality. The Pollution Prevention and Control Act 1999 controls air pollution from process industries. In terms of monitoring air quality and maintaining standards, the Environment Act 1995 Part IV establishes a framework, placing a duty on local authorities to review air quality in their area. The Air Quality Regulations 2000 and the Air Quality Limit Value Regulations 2001 complement the framework. The Clean Air Act 1993 deals with emissions of dark and black smoke from chimneys, industrial and trade premises and bonfires, and gives local authorities wide powers of inspection. Finally, the Environmental Protection Act 1990 Part III brands certain emissions as statutory nuisances and gives local authorities the power to serve an abatement notice. | ||
| 590 | _aABS | ||
| 650 | _aAIR QUALITY | ||
| 650 | _aAIR POLLUTION | ||
| 650 | _aLOCAL AUTHORITIES | ||
| 650 | _aCLEAN AIR ACT 1993 | ||
| 650 | _aPOLLUTION PREVENTION AND CONTROL ACT 1999 | ||
| 650 | _aENVIRONMENT ACT 1995 | ||
| 650 | _aAIR QUALITY REGULATIONS 2000 | ||
| 650 | _aAIR QUALITY LIMIT VALUES REGULATIONS 2001 | ||
| 650 | _aENVIRONMENTAL PROTECTION ACT 1990 | ||
| 690 | _aENVIRONMENTAL AND LAND CONSULTANCY | ||
| 942 | _n0 | ||
| 999 |
_c70096 _d70096 |
||